| 000 | 00889nam a22002417a 4500 | ||
|---|---|---|---|
| 005 | 20090513115338.0 | ||
| 008 | 090508t xxu||||| |||| 00| 0 eng d | ||
| 010 | _aENG-93505 | ||
| 020 |
_a8176483303 _c595.00 |
||
| 035 | _aEN-77038 | ||
| 037 | _bDBAD / PUB | ||
| 040 |
_adpl _bEnglish |
||
| 082 | _a639.8 | ||
| 245 |
_aSustainable aquaculture / _cedited by Dinabandhu Sahoo [and] S.Z. Qasim |
||
| 260 |
_aNew Delhi _bAPH Publishing _c2009 |
||
| 270 |
_a4435-36/7, Ansari Road, Darya Ganj, _bNew Delhi _e110002 |
||
| 300 |
_axxix, 230p. _c22cm(Hb) |
||
| 650 | _aSustainable aquaculture | ||
| 700 | _aSahoo, Dinabandhu | ||
| 700 | _aQasim, S.Z. | ||
| 942 |
_2ddc _cEN _mSUS _h639.8 |
||
| 999 |
_c26297 _d26297 |
||